01758njm a2200325Ia 450000100060000000300090000600500170001500800410003204000130007304000130008604100120009910000110011110000180012210000380014024500400017825000110021826000120022926000550024130000100029650000450030650503590035165000570071070000800076770000950084770001520094270000840109470000840117870000830126270000870134573405IT-RoPAU20220918181143.0131025s9999 xx 000 0 und d aIT-RoPAU cIT-RoPAU aPOLACCO aAA.VV. eAutore musica gCodice autore musica SPICS: 12000 aCzas Nas Uczy Pogody (Lp Wifon 098) a1a ed. aPOLONIA bWIFONc1987 [1a Ed.:1987 - Ed. Lingua Orig.: 1987] aDISCO aMusica leggera polacca. Canzone polacca. aJaka Roza, Taki Ciern (Geppert Edyta) - Czas Nas Uczy Pogody (Sojka Stanislaw) - Kolysanka Do Lustra (Ben Ewaw) - Bialy Kolnierzyk (Cygan Jacek) - Pro Test Song (Krzysiek I Rysiek) - Diamentowy Kolczyk (Jurkstowicz Anna) - I Tylko Proza (Krajewski Seweryn) - Kobieta Wschodu (Hanna Banaszak I Krzesimir Debski) - Przyszli O Zmroku (Szczesniak Mieczyslaw) aCANZONE POLACCA [DISCHI]eCodice MATERIA SPICS: 9950 aCygan JacekeAutore testo e musicagCodice autore testo/musica SPICS: 21358 aKorcz WlodzimierzeAutore musicagCodice autore musica SPICS: 23054pJaka Roza, Taki Ciern aDebski KrzesimireCodice autore musica SPICS: 21359gAutore musicapCzas Nas Uczy Pogody - Diamentowy Kolczyk - Kobieta Wschodu - Przyszli O Zmroku aKawka B.eAutore musicagCodice autore musica SPICS: 25461pKolysanka Do Lustra aFilar JerzyeAutore musicagCodice autore musica SPICS: 25462pBialy Kolnierzyk aSygitowicz R.eAutore musicagCodice autore musica SPICS: 25056pPro Test Song aKrajewski SeweryneAutore musicagCodice autore musica SPICS: 23056pI Tylko Proza